Amado amo

Збережено в:
Бібліографічні деталі
Автор: Montero, Rosa (autora)
Формат: Книга
Мова:Іспанська
Опубліковано: Madrid Debate 1994
Редагування:9a. ed
Предмети:
Теги: Додати тег
Немає тегів, Будьте першим, хто поставить тег для цього запису!

MARC

LEADER 00000nam a2200000 a 4500
001 UCZ9867
003 CL-VaPUC
008 960311e19940000SP |||||||||||||||||spa|d
082 0 4 |a 863  |b MON  |2 21 
100 |a Montero, Rosa  |e autora  |9 431317 
245 1 0 |a Amado amo 
250 |a 9a. ed 
300 |a 204 p 
942 |c BK 
945 |d 19960311 00:00:00  |a rbrito 
260 |a Madrid  |b Debate  |c 1994 
650 0 |a Novelas españolas  |9 265052 
583 |a last modification  |c 19960311 00:00:00  |k Rodrigo Vera 
999 |c 244922  |d 244920